000 00809cab a2200253 4500
001 WB2919-54
008 090401t1993 xxu||||| |||| 00| 0 eng d
035 _a(Sirsi) u31706
041 _aeng
245 _aSuccess for `rabbit case` farmer
260 _c1993
350 _a0
490 _aNational Farmers Union News
_v14 May 1993
490 _aFarmers' Weekly
_v21 May 1993, 20
490 _aYorkshire Post
_v25 May 1993, 14(3)
520 _aBritish Rail has compensated a farmer, Major Peter Smallwood, for damage to crops caused by rabbits living along railway lines adjacent to his land, in what has been widely seen as a test case.
650 _aCONTROL
650 _aLANDOWNERS
650 _aPESTS
650 _aRABBITS
690 _aRURAL PRACTICE
942 _n0
948 _c04/03/1997
999 _c21284
_d21284